|
|
|
|
| LEADER |
01057nam a2200277 a 4500 |
| 001 |
7307 |
| 008 |
090727s1982 000 0 eng d |
| 010 |
|
|
|a 82229822
|
| 020 |
|
|
|a 0140431594 :
|c £1.50
|
| 040 |
|
|
|a DLC
|c DLC
|d DLC
|
| 082 |
0 |
0 |
|a 813/.54
|2 19
|
| 100 |
1 |
|
|a Goldsmith, Oliver,
|d 1730?-1774.
|
| 245 |
1 |
4 |
|a The vicar of Wakefield /
|c Oliver Goldsmith ; edited with an introduction by Stephen Coote.
|
| 260 |
|
|
|a Harmondsworth, Middlesex, England ;
|a New York, New York :
|b Penguin Books,
|c 1982.
|
| 300 |
|
|
|a 213 p. ; 19 cm.
|
| 490 |
|
0 |
|a Penguin English Library
|
| 541 |
1 |
|
|e 00012008
|
| 650 |
|
0 |
|a Clergy
|v Fiction.
|
| 650 |
|
0 |
|a Children of clergy
|v Fiction.
|
| 650 |
|
0 |
|a Poor families
|v Fiction.
|
| 650 |
|
0 |
|a Abduction
|v Fiction.
|
| 650 |
|
0 |
|a Prisoners
|v Fiction.
|
| 651 |
|
0 |
|a England
|v Fiction.
|
| 852 |
4 |
|
|a Ayesha Abed Library
|j General Shelf.
|
| 999 |
|
|
|c 3016
|d 3016
|
| 952 |
|
|
|0 0
|1 0
|2 ddc
|4 0
|6 813_540000000000000_GOL
|7 0
|9 2731
|a BRACUL
|b BRACUL
|c GEN
|d 2009-08-18
|g 667.00
|l 3
|m 1
|o 813.54 GOL
|p 3010012008
|r 2026-05-19
|s 2026-05-10
|t 1
|w 2009-08-18
|y BK
|x $7.95
|